Countries Closest to Azerbaijan - Statistics

General Stats
  • This quiz has been taken 48 times
  • The average score is 16 of 18
Answer Stats
km Country % Correct
0 Turkey
100%
0 Russia
98%
0 Armenia
95%
0 Iran
95%
0 Georgia
93%
212 Iraq
93%
335 Syria
93%
227 Kazakhstan
90%
945 Lebanon
90%
178 Turkmenistan
90%
1095 Israel
88%
470 Uzbekistan
88%
875 Jordan
83%
1085 Afghanistan
81%
935 Saudi Arabia
81%
822 Ukraine
79%
950 Kuwait
76%
1010 Cyprus
60%
No matching quizzes found
Score Distribution
Percent of People with Each Score
Percentile by Number Answered
Your Score History
You have not taken this quiz